| 000 | 01013nam2a22002291 4500 | ||
|---|---|---|---|
| 001 | rc\543503 | ||
| 005 | 20250621164559.0 | ||
| 035 | _a(NLR Aleph) 005812819 | ||
| 090 |
_a5402164 _c5402164 |
||
| 100 | _a20030616d1988 |||y0rusy50 ca | ||
| 101 | 0 | _arus | |
| 102 | _aRU | ||
| 105 | _ay ||||||||| | ||
| 200 | 1 |
_aВперед, заре навстречу! (1917-1920) _fТ.А. Круглова |
|
| 215 | _a35, [2] с. | ||
| 320 | _aБиблиогр. в примеч.: с. 366 | ||
| 461 | 0 |
_1001rc\543502 _12001#$aЭстафета молодых$eОчерки истории Перм. обл. орг. ВЛКСМ$e[В 8 очерках]$fПерм. обл. ком. ВЛКСМ$vОчерк 1 _95402154 _cПермь _d1988 _fПерм. обл. ком. ВЛКСМ _nБ. и. _oОчерки истории Перм. обл. орг. ВЛКСМ : [В 8 очерках] _tЭстафета молодых _vОчерк 1 |
|
| 801 | 0 |
_aRU _bNLR _gpsbo |
|
| 801 | 1 |
_aRU _bELAR _2rusmarc |
|
| 852 |
_aNLR _j88-6/5786 |
||
| 942 | _cBOOK | ||
| 980 | _aNB | ||